The economic roots of anti-immigrant prejudice in the global south: evidence from South Africa (Record no. 117106)

000 -LEADER
fixed length control field 00481pab a2200157 454500
008 - FIXED-LENGTH DATA ELEMENTS--GENERAL INFORMATION
fixed length control field 180718b2018 xxu||||| |||| 00| 0 eng d
100 ## - MAIN ENTRY--PERSONAL NAME
Personal name Harris, Adam S. et al
245 ## - TITLE STATEMENT
Title The economic roots of anti-immigrant prejudice in the global south: evidence from South Africa
260 ## - PUBLICATION, DISTRIBUTION, ETC.
Date of publication, distribution, etc. 2018
300 ## - PHYSICAL DESCRIPTION
Extent p.228-241.
362 ## - DATES OF PUBLICATION AND/OR SEQUENTIAL DESIGNATION
Dates of publication and/or sequential designation Mar
650 ## - SUBJECT ADDED ENTRY--TOPICAL TERM
Topical term or geographic name entry element Immigration - South Africa
650 ## - SUBJECT ADDED ENTRY--TOPICAL TERM
Topical term or geographic name entry element Immigration and Emmigration
773 ## - HOST ITEM ENTRY
Main entry heading Political Research Quarterly
909 ## -
-- 117112
Holdings
Withdrawn status Lost status Damaged status Not for loan Permanent Location Current Location Date acquired Serial Enumeration / chronology Barcode Date last seen Price effective from Koha item type
        Indian Institute of Public Administration Indian Institute of Public Administration 2018-07-19 Volume no: 71, Issue no: 1 AR117572 2018-07-19 2018-07-19 Articles

Powered by Koha